[Event "Bundesliga 0405"]
[Site "Germany"]
[Date "2005.02.13"]
[Round "11.4"]
[White "Wahls, Matthias"]
[Black "Appel, Ralf"]
[Result "1-0"]
[WhiteElo "2551"]
[BlackElo "2507"]
[Annotator "Meulders,R"]
[PlyCount "83"]
[EventDate "2004.11.12"]
[EventType "team-tourn"]
[EventRounds "15"]
[EventCountry "GER"]
[SourceTitle "CBM 106"]
[Source "ChessBase"]
[SourceDate "2005.06.06"]
[SourceVersion "1"]
[SourceVersionDate "2005.06.06"]
[SourceQuality "1"]
[WhiteTeam "Hamburger SK"]
[BlackTeam "Wattenscheid"]
[WhiteTeamCountry "GER"]
[BlackTeamCountry "GER"]

1. c4 c6 2. e4 e5 3. Nc3 Be7 4. Nf3 d6 5. d4 Nd7 6. Be2 Ngf6 7. O-O O-O 8. Be3
Re8 {Eine wichtige Alternative zu 8...a6.} 9. d5 c5 10. Ne1 h6 (10... Nb6 11.
Rb1 (11. a3 Bd7 12. b3 h6 13. Nd3 Nh7 14. f3 Bg5 15. Bf2 g6 (15... Nf8 16. Nb2
Nc8 17. b4 b6 18. Nd3 Ng6 19. g3 Bh3 $15 {1/2-1/2 Markus,R-Vukic,M/Budva 2002 
(64)}) 16. a4 (16. Nb2 Nc8 17. b4 b6 18. Nd3 f5 19. a4 a5 20. bxc5 dxc5 21. Kh1
Qc7 22. Qb3 $16 {0-1 Saric,I-Vukic,M/Rijeka 2002 (32)}) 16... a5 17. Nb5 Bxb5
18. axb5 Nd7 19. Be1 Be3+ 20. Kh1 b6 $14 {1/2-1/2 Zivanic,M-Vukic,M/Herceg
Novi 2001 (66)}) (11. b3 h6 12. Nd3 Nh7 13. Bg4 Bg5 14. Bxc8 Rxc8 15. Qd2 Bxe3
{1/2-1/2 Feletar,D-Vukic,M/Bizovac 2004 (15)}) (11. a3) 11... h6 12. a3 Bd7 13.
b3 Nh7 14. Bg4 Bg5 15. Bxg5 hxg5 16. Nd3 g6 17. Be2 Kg7 $14) 11. Rb1 Nh7 12. f3
Ndf8 13. b4 cxb4 14. Rxb4 Bg5 15. Bf2 Bh4 (15... b6) 16. g3 Be7 17. Nd3 Nd7 18.
Kg2 Rf8 19. Qc2 b6 $11 20. Rb2 Nc5 21. Nb4 Ng5 22. Nc6 Qe8 23. Re1 Bh3+ 24. Kg1
f5 25. Bxc5 dxc5 26. exf5 Bxf5 $15 27. Qd1 Nh3+ $6 {Der Springer steht hier
nicht besser als auf g5, wo er das Feld e4 kontrolliert.} (27... Bf6) 28. Kg2
Bf6 29. Ne4 Qg6 (29... Ng5) 30. Bd3 Kh8 $2 ({Mit} 30... Nf4+ {würde Schwarz
seinen Springer für den augenscheinlich schlechten weißen Läufer tauschen,
aber von b1 aus, leistet dieser schlechte Läufer doch gute Dienste.}) (30...
Nf4+ 31. Kh1 Nxd3 32. Qxd3 Kh8 33. Rbe2 $16) 31. Bb1 Ng5 32. Nxg5 e4 $5 (32...
Qxg5 33. Bxf5 Qxf5 34. Qc2 {[%csl Gc6,Rf6]}) 33. Rbe2 (33. Ne6 Bxe6 34. Rb3 $16
) 33... Bc3 (33... Qxg5 34. fxe4 Bg4 35. e5 Bd8 36. Qc2 $18) 34. Nxe4 $18 Bxe1
35. Ne7 Bh3+ 36. Kg1 Qf7 37. Rxe1 Qxe7 38. Nf2 Qd7 39. Nxh3 Qxh3 40. Qd3 {
[%csl Rh7][%cal Gb1h7]} Kg8 41. Qh7+ Kf7 42. Qg6+ (42. Qg6+ Kg8 43. Re7 {
mit baldigem Matt.}) 1-0

[Event "Asia-ch"]
[Site "Kolkata"]
[Date "2001.08.13"]
[Round "6"]
[White "Wang, Yue"]
[Black "Iuldachev, Saidali"]
[Result "0-1"]
[WhiteElo "2466"]
[BlackElo "2508"]
[Annotator "Meulders,R"]
[PlyCount "98"]
[EventDate "2001.08.09"]
[EventType "swiss"]
[EventRounds "11"]
[EventCountry "IND"]
[SourceTitle "CBM 085"]
[Source "ChessBase"]
[SourceDate "2001.11.13"]
[SourceVersion "1"]
[SourceVersionDate "2001.11.13"]
[SourceQuality "1"]

1. d4 Nf6 2. c4 d6 3. Nf3 Nbd7 4. Nc3 c6 5. e4 e5 6. Be2 Be7 7. O-O O-O 8. h3
a6 9. Be3 b5 10. a3 Re8 11. Qc2 Bb7 12. dxe5 dxe5 13. Rfd1 Qc7 14. Rac1 (14. b4
Rad8 (14... Nf8 15. c5 Ne6 16. Bf1 h6 17. g3 Bf8 18. Rd2 Rad8 19. Rad1 $11 {
0-1 Michalski,O-Pedzich,D/Poraj 1997/EXT 2000 (52)}) 15. Rac1 Qb8 16. Qb3 h6
17. Nh4 Nf8 18. Nf5 Ne6 19. Rxd8 Qxd8 20. Rd1 Qc8 21. a4 $16 {1-0 Zueger,
B-Margolin,B/Budapest 1994/CBM 42 ext (28)}) 14... b4 $6 {[%csl Ra6,Rc6]} (
14... Rad8) 15. axb4 Bxb4 16. Nd2 {Ziemlich passiv.} (16. Na4 c5 17. Bd3 Rad8
18. Bg5 $14) 16... a5 17. Na4 (17. Bf3 Bc5 18. Bg5 h6 19. Bh4 Be7 20. Na4 Ba6
21. Nb3 Rab8 22. Bxf6 Nxf6 23. Nbc5 $14 {[%csl Ra6] 1/2-1/2 Schlosser,P-Hickl,
J/Lippstadt 1991/EXT 99 (34)}) 17... c5 18. f3 Nf8 {[%cal Gf8e6,Ge6d4]} 19. Nc3
$6 {Weiss hätte einen Springer nach d5 dirigieren müssen:} (19. Nb1 $1 {
[%cal Gb1c3,Gc3d5]} Ne6 20. Nbc3 Nd4 21. Qd3 $11) 19... Bxc3 20. bxc3 $2 {
[%cal Ga5a1] Drastisch, gegen einen Einfall auf d4 gerichtet} (20. Qxc3 Ne6 $15
{[%csl Gd4]}) 20... Ne6 $17 21. Nb1 Nh5 $17 22. Na3 Qe7 23. Bf1 Ra6 {[%csl Rf4]
[%cal Ga6g6,Gg6g2,Ge6f4]} 24. Qf2 Rc8 25. Rd5 Nef4 {[%cal Ga6g6,Gf4g2,Gf4h3,
Gf4d5]} (25... Bxd5 $4 26. cxd5 $16 {[%csl Ra6,Re6]}) 26. Rxc5 $2 $19 {
Uebersieht einen taktischen Witz.} (26. Rd2 $17) 26... Nxh3+ $1 $19 27. gxh3
Rxc5 28. Rd1 (28. Bxc5 Qg5+ $19 {[%csl Rc1]}) 28... Rc8 $19 {Die Ernte ist
eingefahren; Schwarz soll jetzt seinen materiellen Vorteil vernünftig
verwandeln.} 29. c5 Rg6+ 30. Kh2 Nf4 31. Nb5 Bc6 32. Nd6 Rb8 33. Nf5 Qb7 34.
Bxf4 exf4 35. Bc4 Qc7 36. Nd6 Rf8 37. Qh4 Be8 $1 {[%csl Rc5]} 38. Rd5 Rxd6 $5
$17 39. Rxd6 Qxc5 40. Rd4 Bb5 41. Bxb5 Qxb5 42. Rd8 g5 (42... Qe2+ 43. Kg1 Qe3+
44. Kg2 f6 $19) 43. Rxf8+ Kxf8 44. Qxh7 Qe2+ $19 45. Kg1 Qe1+ 46. Kg2 Qg3+ 47.
Kh1 Qxf3+ 48. Kh2 Qg3+ 49. Kh1 f3 0-1

[Event "EU-ch 2nd"]
[Site "Ohrid"]
[Date "2001.06.03"]
[Round "3"]
[White "Kruppa, Yuri"]
[Black "Djuric, Stefan"]
[Result "0-1"]
[WhiteElo "2572"]
[BlackElo "2483"]
[Annotator "Meulders,R"]
[PlyCount "78"]
[EventDate "2001.06.01"]
[EventType "swiss"]
[EventRounds "13"]
[EventCountry "YUG"]
[SourceTitle "CBM 084"]
[Source "ChessBase"]
[SourceDate "2001.09.13"]
[SourceVersion "1"]
[SourceVersionDate "2001.09.13"]
[SourceQuality "1"]

1. d4 Nf6 2. c4 d6 3. Nc3 Nbd7 4. e4 e5 5. Nf3 Be7 6. Be2 O-O 7. O-O c6 8. Qc2
Qc7 9. b3 a6 10. Bb2 Re8 11. Rac1 Qb8 $1 {[%cal Ge7d8,Gd8b6,Gb6d4]} (11... Nf8
12. dxe5 dxe5 13. Na4 Ng6 14. c5 Bg4 15. h3 Bxf3 16. Bxf3 Nf4 17. Kh2 Rad8 18.
Rfd1 Ne6 19. g3 h5 20. Rxd8 Rxd8 21. Rd1 Rxd1 22. Bxd1 a5 23. a3 h4 24. Bf3
hxg3+ 25. fxg3 Nd7 26. b4 axb4 27. axb4 Nd4 {1/2-1/2 Peters,M-Kauch,M/Germany
1990/EXT 97-B (27)}) (11... b6 12. d5 c5 13. Nd2 Bf8 14. f4 exf4 15. Rxf4 Ne5
16. h3 Rb8 17. Rcf1 Nfd7 18. Nd1 g6 19. Qc3 Bh6 20. R4f2 Rf8 21. Nf3 Qd8 22.
Ne3 Bg7 23. Kh1 Nf6 24. Qc2 Nh5 25. Kh2 Nf4 26. Bxe5 dxe5 27. Rd1 Qd6 28. g4
Bd7 29. Rg1 Rbd8 30. Ng2 Rfe8 31. Ne3 Kh8 32. Bd3 f6 33. Rg3 Bh6 34. Rg1 Nxh3 {
0-1 Van der Meijden,M-Van Roosmalen,S/Hengelo 1997/EXT 98 (34)}) 12. Rfe1 Bd8
13. Bf1 exd4 14. Nxd4 Ne5 15. Kh1 Bb6 16. Na4 Ba7 17. f4 Neg4 {[%csl Rf2]} 18.
h3 Nxe4 $5 (18... Nh6 $11) 19. hxg4 d5 $1 {[%cal Gb8f4,Gc8g4]} 20. g3 Bxg4 (
20... Nxg3+ 21. Kg2 Ne4 22. Kf3 $13) 21. Kg2 Qd6 {[%csl Rg3][%cal Gd6h6,Gh6h3]}
22. Be2 Qg6 23. Qd3 Bh3+ $1 24. Kh2 (24. Kxh3 Nf2+ $19) 24... Qh6 25. Kg1 dxc4
26. bxc4 b5 $17 27. Bf3 Nxg3 28. Bxc6 Nf5 (28... Rxe1+ 29. Rxe1 Qxc6 30. Qxg3
Qxc4 $19) 29. c5 Qxf4 30. Qxh3 (30. Rxe8+ Rxe8 31. Qxh3 Nxd4 32. Bxe8 Ne2+ 33.
Kh1 Nxc1 34. Bxb5 Qe4+ $13) 30... Nxd4 31. Qg2 {[%csl Rg7][%cal Gb2g7,Gg2g7]}
Rxe1+ 32. Rxe1 Rd8 33. Nb6 Nf5 34. Bd7 {[%cal Gd7f5,Gg2g7,Gb2g7]} g6 35. Bf6
Nh4 {[%csl Rf3][%cal Gh4f3]} 36. Rf1 $2 (36. Bxh4 Qxh4 37. Rd1 Qf6 $15) 36...
Qxf6 $1 $19 37. Qg4 Qe7 38. Nd5 Qxc5+ 39. Kh2 Qxd5 0-1

[Event "Steinitz Memorial-A 1st"]
[Site "Prague"]
[Date "2001.01.02"]
[Round "8"]
[White "Konopka, Michal"]
[Black "Freisler, Pavel"]
[Result "1-0"]
[WhiteElo "2453"]
[BlackElo "2360"]
[Annotator "Meulders,R"]
[PlyCount "93"]
[EventDate "2000.12.26"]
[EventType "tourn"]
[EventRounds "9"]
[EventCountry "CZE"]
[EventCategory "8"]
[SourceTitle "CBM 081"]
[Source "ChessBase"]
[SourceDate "2001.03.20"]
[SourceVersion "1"]
[SourceVersionDate "2001.03.20"]
[SourceQuality "1"]

1. Nf3 Nf6 2. c4 d6 3. d4 Nbd7 4. Nc3 e5 5. e4 Be7 6. Be2 c6 7. O-O O-O 8. Rb1
a6 9. b4 Qc7 10. Qc2 Re8 11. Bb2 (11. h3 exd4 (11... b5 12. dxe5 Nxe5 13. Nxe5
dxe5 14. a4 bxa4 15. c5 a5 16. b5 cxb5 17. Bxb5 Rd8 18. Nxa4 Ba6 19. Nb6 Bxb5
20. Rxb5 Qc6 21. Qa4 Nxe4 {0-1 Polajzer,D-Buturin,V/Lvov 1999}) (11... Bf8 12.
Rd1 exd4 13. Nxd4 c5 {1/2-1/2 Haag,W-Roesch,A/Germany 1999}) 12. Nxd4 Bf8 13.
Bf4 b5 14. Nf3 (14. cxb5 $5 cxb5 (14... axb5 $4 15. Ncxb5 Qb6 16. Nxc6 $18))
14... bxc4 15. Bxc4 Ne5 16. Nxe5 (16. Bxe5 $5 dxe5 17. Ng5 Re7 18. Rfd1 $16)
16... dxe5 17. Be3 $16 {1-0 Gligoric,S-Vaganian,R/Sochi 1986 (29)}) (11. Rd1 b5
12. h3 exd4 13. Nxd4 Nb6 14. Qb3 (14. cxb5 cxb5 15. Bf4 $14) 14... Nfd7 15. Bf4
Ne5 16. cxb5 cxb5 17. Rbc1 $16 {0-1 Bialas,W-Hickl,J/Germany 1990 (44)}) 11...
exd4 (11... b6 12. a3 Bb7 13. dxe5 Nxe5 14. Rfe1 Nxf3+ 15. Bxf3 Nd7 16. Rbd1
Ne5 17. Be2 Bf6 18. f4 Ng6 19. g3 Rad8 20. Bf3 Kf8 21. Bg2 {1/2-1/2 Bagirov,
V-Margoline,B/Weilburg 1995}) 12. Nxd4 Bf8 13. Rfe1 $14 Qb6 14. Na4 Qa7 15. Bf1
Ne5 16. c5 Ned7 17. Nb3 $14 {[%cal Gb2f6]} a5 18. b5 (18. bxa5 $5 dxc5 19. Bxf6
gxf6 (19... Nxf6 20. Nb6 $16) 20. Nb2 Ne5 21. Nc4 $14) 18... dxc5 19. bxc6 bxc6
{[%csl Rc5,Rc6]} 20. h3 $11 Ba6 $6 (20... Bd6 {[%cal Gd6e5,Ge5b2]}) 21. Bxa6
Qxa6 22. Bxf6 Nxf6 23. Nbxc5 Bxc5 24. Nxc5 Qc8 25. Qc3 $14 {[%csl Ra5]} Nd7 26.
e5 Nxc5 27. Qxc5 Ra6 $2 (27... Qe6 $1 {[%cal Ge6a2]}) 28. a4 $16 Qc7 29. f4 h6
30. Red1 Rb8 31. Kh2 Rxb1 32. Rxb1 Qd7 (32... Qc8) (32... Ra8 33. Rb6 $18) 33.
Rb8+ Kh7 34. Qc2+ $1 g6 35. Qc4 $1 $18 {[%cal Gc4a6,Gc4f7]} Ra7 (35... Qc7 36.
Qxa6 Qxb8 37. Qxa5 Qb3 38. Qc7 Qc4 39. e6 $1 Qxe6 40. a5 $18) 36. Qc5 $1 {
[%cal Gc5a7,Gc5a5,Gc5f8,Gf8h8]} Rb7 37. Rxb7 Qxb7 38. Qxa5 Qb3 39. Qc7 Qc4 40.
e6 $1 Qxe6 41. a5 g5 42. f5 $1 Qa2 43. a6 g4 44. hxg4 Kg7 45. a7 Qf2 {/\Qh4+/
Qe1+ =} 46. Qe5+ $1 Kh7 47. a8=Q 1-0

[Event "Bundesliga 0304"]
[Site "Germany"]
[Date "2004.02.15"]
[Round "9.2"]
[White "Van Wely, Loek"]
[Black "Hickl, Joerg"]
[Result "1-0"]
[WhiteElo "2654"]
[BlackElo "2562"]
[Annotator "Meulders,R"]
[PlyCount "57"]
[EventDate "2003.11.01"]
[EventType "team-tourn"]
[EventRounds "15"]
[EventCountry "GER"]
[SourceTitle "CBM 100"]
[Source "ChessBase"]
[SourceDate "2004.06.01"]
[SourceVersion "1"]
[SourceVersionDate "2004.06.01"]
[SourceQuality "1"]
[WhiteTeam "Porz"]
[BlackTeam "Hofheim"]
[WhiteTeamCountry "GER"]
[BlackTeamCountry "GER"]

1. d4 d6 2. Nf3 Nf6 3. c4 Nbd7 4. Nc3 e5 5. g3 c6 6. Bg2 Be7 7. O-O O-O 8. Qc2
Re8 9. h3 Bf8 10. e4 Qc7 11. Be3 {Hier muss Schwarz sich entscheiden, ob er am
Damenflügel aktiv werden will oder den Bf8 fianchettiert, oder die Lage im
Zentrum klärt .} b6 (11... a6 12. Rac1 (12. a3 b5 13. Nd2 Bb7 14. Rac1 Rac8 15.
Qb1 Qb8 16. b4 Qa8 17. Rfe1 g6 (17... exd4 18. Bxd4 Ne5 $11) 18. a4 bxa4 19.
Nxa4 $14 {1/2-1/2 Padevsky,N-Vizantiadis,L/Albena 1977/EXT 99 (59)}) 12... g6
13. Rfd1 Bg7 14. a3 (14. c5 exd4 15. cxd6 Qxd6 16. Bxd4 Qc7 17. b4 Nh5 18. Be3
Ne5 19. Nd5 $16 {1-0 Orlov,G-Diebert,C/USA 1994/EXT 97 (53)}) 14... h6 15. Rd2
g5 16. dxe5 (16. Rcd1) 16... dxe5 17. Nh2 (17. Rcd1 $16) 17... Nb6 18. Qb3 Nbd7
19. c5 Nf8 20. Rcd1 Be6 21. Qc2 $14 {0-1 Gromek,J-Filipowicz,A/Szeczin 1967/
EXT 2001 (85)}) (11... exd4 12. Nxd4 a5 13. f4 Nc5 14. Bf2 a4 15. b4 axb3 16.
axb3 Rxa1 17. Rxa1 Na6 (17... Bd7 $14) 18. Kh2 g6 19. Rd1 Qa5 20. g4 $16 {
1-0 Petrov,J-Car,T/Pula 1998/EXT 2000 (49)}) 12. Rac1 Bb7 13. Rfd1 (13. Rfe1
Rac8 14. b4 c5 (14... exd4 15. Nxd4 Ne5 16. Qe2 $14) 15. dxc5 dxc5 16. b5 Be7
17. Nd5 Bxd5 (17... Qd6 18. Rcd1 Rcd8 19. Nxe7+ Qxe7 20. Nh4 $14) 18. exd5 $16
{1-0 Kampenuss,P-Zhuravlev,N/Riga 1962/EXT 2003 (46)}) 13... a6 {[%csl Rc7]
Eine geduldige Vorbereitung von ...b5, obwohl das nicht geht, so lange die
Dame ungedeckt auf c7 steht.} (13... Rac8 14. Qb1 Qb8 15. d5 cxd5 16. cxd5 a6
17. a4 Rc7 18. Bf1 Rec8 $11 {1-0 Almeida,O-Gomez,F/Holguin City 2002/CBM 89/
[Hecht] (56)}) 14. b4 exd4 (14... a5 $5) (14... b5 $6 15. cxb5 cxb5 (15... axb5
$4 16. Nxb5 Qd8 17. Nc3 exd4 18. Nxd4 c5 19. bxc5 Nxc5 20. f3 $16)) 15. Nxd4
Rac8 (15... Ne5 16. Qb3 a5 17. bxa5 bxa5 18. Nf5 $14) 16. Nf5 {[%csl Rb6,Rd6]
Die schwarze Stellung is fest, aber passiv. Weiß hat Raumübergewicht.} Qb8 17.
Bf4 Re6 (17... Ne5 $14) 18. g4 Ne5 19. Na4 c5 $6 {Das läuft noch gut ab, weil
Weiß nicht am stärksten fortsetzt. Besser wäre jedoch} (19... Qc7 {gewesen:}
20. g5 (20. Be3 c5 $11) 20... Nfd7 21. Bg3 c5 22. b5 axb5 23. cxb5 $14) 20.
bxc5 $6 (20. Nxb6 $1 Bxe4 21. Bxe4 Qxb6 22. bxc5 Qxc5 (22... dxc5 23. Bg2 $16)
23. Nd4 $16 Ree8 24. Bf5 Rc7 25. g5 {und mit dieser Initiative ist es
mindestens +/-}) 20... dxc5 21. Bh2 Qa7 $6 {Versäumt eine Chance:} (21... b5 {
wäre doch aktiver gewesen:} 22. cxb5 axb5 23. Nc3 b4 24. g5 Ne8 (24... bxc3 25.
gxf6 Rxf6 26. Rb1 Re6 27. Qxc3 $18) 25. Nd5 $14) 22. g5 Ne8 23. Qb2 Nxc4 {
Dies verliert schneller als andere Züge aber} (23... Ng6 24. Rd7 {ist auch
kein Picknick für Schwarz.}) 24. Rxc4 b5 25. Rd7 $1 Qa8 26. Bg3 $5 ({Weiß muss
aufpassen:} 26. Rc1 $2 Bxe4 27. Bxe4 Qxe4 28. Nd4 Rg6 $18 {geht schlecht aus.})
(26. Bf3 $1 Bxe4 27. Rxe4 Rxe4 28. Nb6 Qc6 29. Bxe4 Qxe4 30. Nxc8 Qe1+ 31. Kg2
Qe4+ 32. f3 Qxf5 33. Qd2 $18) 26... Bxe4 27. Rxe4 Rxe4 28. Nc3 Qc6 29. Ne7+ $1
1-0

[Event "ROM-chT"]
[Site "Eforie Nord"]
[Date "2000.12.21"]
[Round "4"]
[White "Marin, Mihail"]
[Black "Dumitrache, Dragos Nicolae"]
[Result "1/2-1/2"]
[WhiteElo "2557"]
[BlackElo "2443"]
[Annotator "Meulders,R"]
[PlyCount "31"]
[EventDate "2000.12.18"]
[EventType "team"]
[EventRounds "5"]
[EventCountry "ROU"]
[SourceTitle "CBM 081"]
[Source "ChessBase"]
[SourceDate "2001.03.20"]
[SourceVersion "1"]
[SourceVersionDate "2001.03.20"]
[SourceQuality "1"]
[WhiteTeam "Bucharest RAT"]
[BlackTeam "Brasov Dinamo"]
[WhiteTeamCountry "ROU"]
[BlackTeamCountry "ROU"]

1. c4 c6 2. e4 e5 3. Nf3 d6 4. d4 Nd7 5. Nc3 Ngf6 6. g3 Be7 7. Bg2 O-O 8. O-O
a6 9. Re1 b5 10. c5 (10. b3 Bb7 11. Bb2 bxc4 12. bxc4 exd4 13. Nxd4 Ne5 14. Qe2
{/\f4+=}) 10... dxc5 11. dxe5 Ne8 12. Be3 Nc7 13. Qd2 $6 (13. Qc2 $5 Nb6 14.
Rad1 Qe8 15. b3 Bg4 16. h3 Bxf3 17. Bxf3 Nd7 18. Bg2 Nxe5 19. f4 Ng6 20. e5 $44
{/\Ne4+=}) 13... Nb6 14. Qc2 Nc4 15. Rad1 Nxe3 16. Rxe3 1/2-1/2

[Event "Carlos Torre Wimbledon 16th"]
[Site "Merida"]
[Date "2003.12.17"]
[Round "1.6"]
[White "Gonzalez Zamora, Juan Carlos"]
[Black "Zapata, Alonso"]
[Result "0-1"]
[WhiteElo "2473"]
[BlackElo "2472"]
[Annotator "Meulders,R"]
[PlyCount "104"]
[EventDate "2003.12.17"]
[EventType "k.o."]
[EventRounds "4"]
[EventCountry "MEX"]
[SourceTitle "CBM 099"]
[Source "ChessBase"]
[SourceDate "2004.03.30"]
[SourceVersion "1"]
[SourceVersionDate "2004.03.30"]
[SourceQuality "1"]

1. d4 Nf6 2. c4 d6 3. Nc3 Nbd7 4. Nf3 c6 5. e4 e5 6. Be2 a6 7. O-O b5 8. a3 Bb7
9. Qc2 Be7 10. Rd1 Qc7 11. Bg5 O-O (11... Nf8 12. c5 Ng6 13. Rac1 dxc5 14. dxe5
Ng4 15. Bxe7 Qxe7 16. Nb1 c4 17. Nd4 N4xe5 18. Nf5 Qc7 19. Nxg7+ Kf8 20. Nf5
$16 {1-0 Vidarte Morales,A-Hernandez,J/Foment 1998 (46)}) 12. Rac1 Rac8 13. Bh4
{[%cal Gh4g3,Gg3c7]} Qb8 14. h3 {Dieser Prophylaxis war nicht absolut
notwendig.} (14. Bg3 Nh5 $2 15. Nxe5 $1 $16 {[%csl Rd7,Rh5]}) 14... Bd8 15. Bg3
{Eine typische Alt-Indische Stellung. Weiß ist aktiver entwickelt, hat mehr
Raum und steht daher klar besser. 'Klar besser' bedeutet natürlich nicht
deutlich gewonnen, weil die schwarze Stellung doch nicht so leicht
aufzubrechen ist. Gelegentlich geht Weiß auch zu Grunde an Übermut oder ein
falsches Gefühl von Sicherkeit. Außerdem ist nichts so einschläfernd wie
andauernd gut zu stehen.} Re8 16. c5 Bc7 17. cxd6 Bxd6 18. dxe5 Bxe5 (18...
Nxe5 19. Nd4 {[%cal Gd4f5,Gf5d6,Gf2f4]} (19. Rxd6 Qxd6 20. Nxe5 Rxe5 21. Bxe5
Qxe5 $15) 19... Rcd8 20. Nf5 Bf8 21. f4 Rxd1+ 22. Rxd1 Ng6 23. e5 Nd5 24. Nxd5
cxd5 25. Bf3 {wäre eine plausibele Folge, mit weißem Übergewicht.}) 19. Nxe5
Nxe5 20. f4 Ng6 21. e5 Nd5 22. Nxd5 cxd5 23. Qd3 (23. Qd2) 23... Rc4 24. Qd2
Rcc8 25. Bf3 (25. Bg4 Rc4 26. b3 $16) 25... Rc4 26. Kh2 (26. b3) 26... Ne7 27.
b3 Rcc8 28. Qd3 {[%csl Rb7,Re7,Gf3,Gg3][%cal Gf4f5]} (28. Bg4) 28... g6 29. Bf2
{[%cal Gf2c5,Gc5d6] Weiß hat die Stellung völlig im Griff} Rxc1 30. Rxc1 Rc8
31. Rxc8+ $2 {Ich hätte Schwarz nicht die Kontrolle über die offene c-Linie
gegeben, weil Schwarz jetzt Gegenspiel bekommt.} (31. Bc5 $5 Qc7 32. b4 Nf5 33.
Rd1 Rd8 34. g4 Ng7 35. Bd6 $18) (31. Rc5 $5 Rxc5 32. Bxc5 Qd8 33. g4 {und
Schwarz kann nur zuschauen.}) 31... Qxc8 32. g4 Qc1 33. a4 $4 {Oh je....} (33.
Qe3 $1 Qxe3 (33... Qxa3 $2 34. Qb6 {[%csl Rb7,Rd8,Re7]} Qxb3 35. Kg2 $18) 34.
Bxe3 Kf8 35. Bc5 Ke8 36. Kg3 Kd7 37. Kf2 $16 {und Schwarz kann noch tapfer
etwa 20 Züge leiden. Auf Grund des weißen Läuferpaars und des schwarzen
Isolani auf d5, dürfte über das Endergebnis (1-0) kein Zweifel bestehen.})
33... Qxf4+ $17 34. Bg3 Qb4 35. Qc2 bxa4 36. bxa4 d4 37. Bxb7 Qxb7 38. Bh4 Qd5
$2 ({Besser war} 38... Nd5 $1 39. Qe4 Qb2+ 40. Kg1 Qc1+ 41. Kg2 Ne3+ 42. Kh2
Qd2+ 43. Kh1 Qd1+ 44. Kh2 Qe2+ 45. Kh1 g5 46. Qa8+ Kg7 47. Bxg5 Qe1+ 48. Kh2
Nxg4+ 49. hxg4 Qxe5+ $19) 39. Qc7 $11 {Also Remis?} (39. Bxe7 $4 Qxe5+ 40. Kg2
Qxe7 $19) 39... Qa2+ (39... Nc6 $4 40. Qc8+ Kg7 41. Bf6+ Kh6 42. Qf8#) 40. Kg1
Qb1+ 41. Kg2 Qa2+ 42. Kg1 Qb1+ 43. Kh2 Qa2+ 44. Kg3 Qb3+ 45. Kg2 Qa2+ 46. Bf2
$4 {Nein, danke, kein Remis; ich möchte bitte verlieren.} Qd5+ 47. Kh2 Nc6 $19
{Jetzt gibt es kein Mattgefahr mehr und Schwarz kann ruhig gewinnen.} 48. Bg3
d3 49. e6 Qxe6 50. Qf4 Qe2+ 51. Bf2 d2 52. Qf6 Qd3 ({Es gewinnt natürlich auch
} 52... d1=Q) 0-1

[Event "Bundesliga 0304"]
[Site "Germany"]
[Date "2003.12.14"]
[Round "6.2"]
[White "Chuchelov, Vladimir"]
[Black "Espig, Lutz"]
[Result "1/2-1/2"]
[WhiteElo "2603"]
[BlackElo "2429"]
[Annotator "Meulders,R"]
[PlyCount "99"]
[EventDate "2003.11.01"]
[EventType "team-tourn"]
[EventRounds "15"]
[EventCountry "GER"]
[SourceTitle "CBM 099"]
[Source "ChessBase"]
[SourceDate "2004.03.30"]
[SourceVersion "1"]
[SourceVersionDate "2004.03.30"]
[SourceQuality "1"]
[WhiteTeam "Katernberg"]
[BlackTeam "Plauen"]
[WhiteTeamCountry "GER"]
[BlackTeamCountry "GER"]

1. d4 Nf6 2. Nf3 d6 3. c4 Nbd7 4. Nc3 e5 5. e4 Be7 6. Be2 O-O 7. O-O c6 8. Re1
a6 9. h3 Qc7 10. Bg5 b5 11. a3 Bb7 12. Rc1 Qb8 13. b4 Re8 14. Bf1 h6 15. Bh4 (
15. Be3 exd4 16. Nxd4 Bf8 17. Nf5 Ne5 (17... Nxe4 18. Nxh6+ gxh6 19. Qg4+ Ng5
20. Qxd7 Qc8 21. Qxc8 Raxc8 22. Bf4 $14) 18. c5 (18. Bf4 bxc4 19. Bxe5 Rxe5 $11
) 18... dxc5 19. f4 Rd8 20. Qc2 Ned7 21. e5 Ne8 $15 22. Qf2 c4 23. Bd4 Qc7 24.
Qg3 {Diagram [#]} Kh7 25. e6 fxe6 26. Rxe6 Ndf6 27. Ne4 Qf7 28. Qh4 Nxe4 29.
Nxg7 Rxd4 $4 (29... Bxg7 $19 30. Re7 Bxd4+ 31. Kh1 Rd7 32. Rxf7+ Rxf7 $19) 30.
Rxh6+ $18 Kxg7 31. Rh7+ Kg8 32. Rh8+ {1-0 Tupy,M-Stluka,P/Czechia 1996 (32)})
15... Nh7 16. Bxe7 Rxe7 17. Qd2 Nhf6 18. Nh4 Nf8 19. Nf5 Rd7 {Eine kritische
Lage. Das Problem ist} 20. a4 a5 21. cxb5 (21. dxe5 dxe5 22. Qb2 axb4 23. Qxb4
bxa4 24. Nxa4 {Und Weiß steht nur ein wenig besser.}) 21... axb4 22. bxc6 Bxc6
23. Nd5 Bxd5 24. exd5 Rxa4 25. dxe5 dxe5 26. d6 Ng6 27. Rc5 Qa7 28. Rc8+ Kh7
29. Bb5 Ra2 30. Qe3 b3 31. Bxd7 Qxd7 32. Qxb3 Rd2 33. Rc2 Rd5 34. g4 e4 35. Rc7
$18 Qe6 36. Ne3 $4 (36. Qb7 $1 $18 e3 37. Rxe3 Rd1+ 38. Kg2 Qd5+ 39. Qxd5 Nf4+
40. Kf3 N4xd5 41. Rxf7 Nxe3 42. Kxe3 $18) 36... Rxd6 37. Qxe6 Rxe6 38. Ra1 $16
Ne5 39. Raa7 h5 40. g5 Nf3+ 41. Kg2 Nxg5 42. h4 Nf3 43. Rxf7 Ne8 44. Kg3 (44.
Nf5 Rg6+ 45. Ng3 Nf6 $11) 44... Rg6+ 45. Kf4 Nxh4 46. Nd5 Nd6 47. Rf8 Rg2 48.
Rd8 Nhf5 49. Ke5 Rxf2 50. Rxd6 1/2-1/2